Sports Quiz

Random Sports or NFL Quiz

NFL Teams Quiz Stats

 Plays Quiz Updated May 23, 2017

Also try: NBA Teams
Challenge
Share
Tweet
Embed
Score 0/32 Timer 06:00
227 Plays Today
Division Team Name % Correct
AFC EastNew England Patriots
94.8%
NFC EastNew York Giants
94.2%
AFC EastNew York Jets
93.8%
NFC EastDallas Cowboys
92%
AFC EastMiami Dolphins
91.3%
NFC NorthGreen Bay Packers
91.1%
AFC NorthPittsburgh Steelers
89.6%
NFC WestSan Francisco 49ers
88.6%
NFC EastPhiladelphia Eagles
88.4%
NFC NorthChicago Bears
88.2%
NFC NorthMinnesota Vikings
87.2%
NFC WestSeattle Seahawks
87.1%
AFC WestOakland Raiders
86.7%
AFC SouthIndianapolis Colts
86.5%
NFC EastWashington Redskins
86.5%
AFC NorthCleveland Browns
85.9%
Division Team Name % Correct
AFC SouthHouston Texans
85.7%
NFC SouthNew Orleans Saints
85.4%
AFC NorthBaltimore Ravens
85%
AFC WestDenver Broncos
84.8%
NFC NorthDetroit Lions
84.3%
AFC WestLos Angeles Chargers
84.3%
NFC WestArizona Cardinals
83.9%
NFC SouthAtlanta Falcons
83.8%
AFC NorthCincinnati Bengals
83.3%
NFC SouthCarolina Panthers
83.3%
AFC SouthTennessee Titans
82.3%
AFC SouthJacksonville Jaguars
81.8%
AFC EastBuffalo Bills
81.5%
NFC WestLos Angeles Rams
79.5%
NFC SouthTampa Bay Buccaneers
78.9%
AFC WestKansas City Chiefs
78.6%

You're not logged in!

Compare scores with friends on all Sporcle quizzes.
OR
Log In

Sporcle TV

Matt vs NFL Teams Quiz


Matt's trying out the NFL Teams Quiz! Will he get 100% or fall short of a perfect score?

You Might Also Like...

Show Comments

Extras

Top Quizzes Today


Score Distribution

Your Account Isn't Verified!

In order to create a playlist on Sporcle, you need to verify the email address you used during registration. Go to your Sporcle Settings to finish the process.

Report this User

Report this user for behavior that violates our Community Guidelines.

Details: